The Da Vinci Code (Record no. 16744)
[ view plain ]
| 000 -LEADER | |
|---|---|
| fixed length control field | 00398nam a22001697a 4500 |
| 003 - CONTROL NUMBER IDENTIFIER | |
| control field | NUST |
| 005 - DATE AND TIME OF LATEST TRANSACTION | |
| control field | 20190520092315.0 |
| 008 - FIXED-LENGTH DATA ELEMENTS--GENERAL INFORMATION | |
| fixed length control field | 131217t xxu||||| |||| 00| 0 eng d |
| 020 ## - INTERNATIONAL STANDARD BOOK NUMBER | |
| International Standard Book Number | 0-552-14951-9 |
| 038 ## - RECORD CONTENT LICENSOR | |
| Staff Name | ASAB |
| 082 ## - DEWEY DECIMAL CLASSIFICATION NUMBER | |
| Classification number | Fic |
| 100 ## - MAIN ENTRY--PERSONAL NAME | |
| Personal name | Dan Brown |
| 9 (RLIN) | 9709 |
| 245 ## - TITLE STATEMENT | |
| Title | The Da Vinci Code |
| Statement of responsibility, etc. | by Dan Brown. |
| 260 ## - PUBLICATION, DISTRIBUTION, ETC. | |
| Place of publication, distribution, etc. | London. |
| Name of publisher, distributor, etc. | Corgi Books. |
| Date of publication, distribution, etc. | 2003. |
| 300 ## - PHYSICAL DESCRIPTION | |
| Extent | 604 P. |
| 942 ## - ADDED ENTRY ELEMENTS (KOHA) | |
| Source of classification or shelving scheme | |
| Koha item type | Book |
| Withdrawn status | Lost status | Source of classification or shelving scheme | Damaged status | Not for loan | Permanent Location | Current Location | Date acquired | Total Checkouts | Full call number | Barcode | Date last seen | Date last checked out | Price effective from | Koha item type | Total Renewals | Collection code |
|---|---|---|---|---|---|---|---|---|---|---|---|---|---|---|---|---|
| Atta-ur-Rahman School of Applied Biosciences (ASAB) | Atta-ur-Rahman School of Applied Biosciences (ASAB) | 06/02/2016 | 1 | Fic brown | ASAB3032 | 05/20/2019 | 06/02/2016 | 06/02/2016 | Book | |||||||
| Atta-ur-Rahman School of Applied Biosciences (ASAB) | Atta-ur-Rahman School of Applied Biosciences (ASAB) | 10/12/2015 | 5 | Fic Brown | ASAB3034 | 04/15/2026 | 01/21/2026 | 10/12/2015 | Book | 5 | ||||||
| Atta-ur-Rahman School of Applied Biosciences (ASAB) | Atta-ur-Rahman School of Applied Biosciences (ASAB) | 10/05/2015 | 1 | Fic Brown | ASAB3035 | 03/22/2017 | 10/05/2015 | 10/05/2015 | Book | 2 | ||||||
| Atta-ur-Rahman School of Applied Biosciences (ASAB) | Atta-ur-Rahman School of Applied Biosciences (ASAB) | 12/17/2013 | 4 | Fic Brown | ASAB3031 | 10/01/2025 | 01/23/2025 | 12/17/2013 | Book | 4 |
